| 000 | 00754nam a2200217 a 4500 | ||
|---|---|---|---|
| 001 | 000011852 | ||
| 005 | 20240412074228.0 | ||
| 008 | 091028s1982 dr 000 j spa d | ||
| 040 |
_aDO-SdBNP _bspa _cBNPHU |
||
| 082 |
_aRD863.44 _bC352v |
||
| 100 | 1 |
_aCastillo, Rafael Eduardo _d1948- _928023 |
|
| 245 | 1 | 3 |
_aLa viuda de MartÃn Contreras y otros cuentos / _cRafael Eduardo Castillo. |
| 260 |
_aSanto Domingo : _bAmigo del Hogar, _c1982. |
||
| 300 |
_a80 p. ; _c22 cm. |
||
| 500 | _aIncluye datos biográficos en del autor en la solapa de la cubierta | ||
| 586 | _aPremio Nacional 1981 | ||
| 590 | _aInventariado, 2020/YL | ||
| 650 | 0 |
_aCuentos dominicanos _9176 |
|
| 650 | 0 |
_aLiteratura dominicana. _967 |
|
| 910 | _aValidado. Control de calidad MFF | ||
| 999 |
_c11526 _d11526 |
||